Quizzes
Events
Quiz Creation
Community
Videos
Private Events
Remove Ads
Sign In
Join for FREE
Feedback
Dark Mode
Quiz Categories
Sports
Geography
Music
Movies
Television
Just For Fun
Miscellaneous
History
Literature
Language
Science
Gaming
Entertainment
Religion
Holiday
For Kids
Quiz Lab
Recent
Popular Today
Quiz Kudos Today
Editor Picks
Curator Picks
Quizzes by...
Day
Popularity
Type
Ratings
Length
Year
Community
Subscriptions
Recent Discussions
Orange Saloon
Badges
Playlists
Quests
Create
Leaderboards
Showdown
Live 5
Trivia Bingo
Activity
Puzzle Library
Sporcle Events
Private Events
Virtual Trivia
Globe League
Become a Host
Pub Owners
SporcleCon
Opinionation
Our Games
Videos
Blog
Mobile Apps
Partnerships
Remove Ads and Go Orange
Feedback
Sports
Athletes
MLB
NBA
NHL
NFL
Soccer
Sports Teams
WWE
NCAA
Football
Premier League
Basketball
Baseball
Hockey
Golf
Tennis
Cricket
Rugby
Auto Racing
Olympics
World Cup
Sports
Athletes
MLB
NBA
NHL
NFL
Soccer
Sports Teams
WWE
NCAA
Football
Premier League
Basketball
Baseball
Hockey
Golf
Tennis
Cricket
Rugby
Auto Racing
Olympics
World Cup
Random Quiz
Search Sporcle
×
Quiz Lab
Quiz Lab
Sports
Play
Type in answers that appear in a list
Type in answers that appear in a list
Classic
Best Score? Go Orange.
Romanian players in the Serie A Stats
Can you name the Romanian players to ever play in the Serie A?
By
simimy
15m
47 Questions
255 Plays
255 Plays
255 Plays
Comments
Comments
Give Quiz Kudos
Give Quiz Kudos
-
- Ratings
hide this ad
Replay
Link that replays current quiz
Next Quiz
Link to next quiz in quiz playlist
You Got
0%
They Got
Avg Score
32%
Avg Friend Score
Upgrade to see
Score Distribution
Jump to the score distribution portion of the page
Score
0/47
Timer
15:00
0
Plays Today
Debut
Player name
% Correct
Jan 6, 2000
Adrian Mutu
91.3%
Sep 6, 1992
Gheorghe Hagi
83.9%
Oct 23, 2016
Ianis Hagi
83.9%
Feb 3, 2008
Ștefan Radu
81.5%
May 14, 2016
Andrei Radu
81.1%
Sep 14, 2003
Cristian Chivu
78.3%
Jan 6, 2015
Ciprian Tătărușanu
63.8%
Aug 26, 2001
Gheorghe Popescu
61.4%
-
Ionuț Pop
61%
Sep 9, 1990
Florin Răducioiu
56.7%
Jan 29, 2006
Bogdan Lobonț
55.9%
Sep 1, 1991
Dan Petrescu
55.9%
Aug 26, 2001
Cosmin Contra
54.7%
Aug 23, 2015
Vlad Chiricheș
53.1%
Sep 11, 2011
Gabriel Torje
39%
Aug 31, 2008
Nicolae Dică
36.6%
Nov 21, 2010
Denis Alibec
36.6%
Feb 1, 2015
George Pușcaș
35%
Sep 6, 1992
Ovidiu Sabău
33.9%
Feb 1, 2004
Paul Codrea
33.5%
Sep 23, 2009
Dorin Goian
29.1%
Feb 21, 2004
Ianis Zicu
26.8%
-
Vlad Marin
26%
-
Marius Marin
26%
Debut
Player name
% Correct
Mar 21, 2009
Adrian Stoian
25.6%
Nov 29, 1992
Dorin Mateuț
22.4%
Sep 30, 2012
Paul Papp
20.9%
Sep 4, 1994
Dănuț Lupu
18.9%
Aug 28, 2016
Alexandru Mitriță
16.9%
Oct 25, 2009
Adrian Piț
16.1%
-
Răzvan Popa
14.2%
Sep 19, 2004
Valentin Năstase
13.8%
Sep 13, 1981
Viorel Năstase
13.8%
Aug 25, 2013
Constantin Nica
13%
Oct 25, 2008
Cosmin Moți
12.6%
-
Mihai Bălașa
11%
Aug 25, 2013
Marius Alexe
9.1%
-
Laurențiu Brănescu
8.3%
Mar 10, 2002
Bogdan Pătrașcu
7.9%
May 31, 2009
Sergiu Suciu
7.1%
-
Deian Boldor
6.7%
Sep 9, 1990
Marius Lăcătuș
5.9%
Oct 29, 2009
Cristian Melinte
3.9%
-
Valentin Cojocaru
1.2%
-
Alin Bucuroiu
0.8%
-
Raul Opruț
0.8%
-
Florin Logofătu
0.4%
Quiz Playlist
Details
Report
Send in Message
Add To Playlist
Classic:
Type in answers that appear in a list
Last Updated: Jul 23, 2017
Quiz Scoreboard
CHALLENGE
Sign Up to Join the Scoreboard
Show All
Scores
Hide
Comments
May contain spoilers
Recently Published
Presidents Visiting Landmarks
by Hejman
History
7m
An Introduction to Baseball
by treessimontrees
Sports
5m
Movies - When Are They Set?
by FPL_Elf
Movies
5m
More to Explore
Quiz From the Vault
Featured Blog Post
Where Did the Easter Bunny Come From?
hide this ad
You Might Also Like...
Tags
Football Quiz
Play Quiz
Soccer Quiz
calcio
debut
Ever
Footballer
League
Player
Romanian
Serie A
Today's Top Quizzes in Sports
Browse Sports
hide this ad
Today's Top Quizzes in Play
Browse Play
Top Contributed Quizzes in Sports
1
Les meilleurs buteurs des matchs entre le PSG et l’OM
2
2022 World Cup Stars
3
FIFA Club World Cup Champions
4
Les entraîneurs de l'OM et du PSG au 21e siècle
5
Name the Premier League winners with different clubs
6
La finale Lions - Afrique du Sud 2021
7
5-to-1: UK Sports Teams
8
England Test cricketers to play under Nasser Hussain
9
Players with Multiple 50 Home Run Seasons
10
AFC Teams Reveal (Wrong Answers Minefield)
Explore More
Trending Topics
Disney
Marvel
Harry Potter
Anime
Kpop
Crossword
NBA
Country
Song
WWE
Puzzle
Soccer
Pokémon
NFL
The Office
hide this ad
More By:
simimy
Quiz
Plays
Rating
Category
Featured
Created
Most Expensive European Ancestry XI by transfer fee
447
5.00
Sports
Jul 29, 2017
Most Expensive African Ancestry XI by transfer fee
310
5.00
Sports
Jul 29, 2017
Romanian players in the Premier League
292
5.00
Sports
May 15, 2017
Romanian players in the Serie A
255
5.00
Sports
May 15, 2017
Highest transfer fees for Romanian Players
232
5.00
Sports
May 16, 2017
Go to Creator's Profile
Score Distribution
Quiz Creator Spotlight
simimy
Follow
Send a Message
Quizzes Created
-
Created Quiz Play Count
-
More By This Creator
Popular Quizzes Today
1
Find the US States - No Outlines Minefield
2
Find the Countries of Europe - No Outlines Minefield
3
The Countries of the World
4
Find the US States
5
Popular People in 1961
6
US States
7
Risky Map Clicking: Biggest States A-Z
8
Movies - When Are They Set?
More Sports Quizzes
1990s Golden State Warriors Top Scorers
Quiz Lab
Trending Quizzes
Risky Map Clicking: Least Populous States A-Z
1-10 Letter G Words
1-10 Letter F Words
Risky Map Clicking: Next State Alphabetically
Risky Map Clicking: Biggest States A-Z
Recently Updated
Leaping Animals
pecheneg
Reality TV Shows (A-Z)
bhenderson79
Rickey Henderson's Hall of Fame Teammates
pecheneg
Champions League XIs: Arsenal
pecheneg
Quick Pick: Celebrities in WWE's Hall of Fame
aduchscher
A-Z Keypad Blitz II
pecheneg
Multiple Oscar Actors
pecheneg
Mystery Phrase Blitz: Oscar 'Best Actors'
pecheneg
F. Scott Fitzgerald Novels
LTH
Pick 3 Villains
ddd62291
Trending Topics
Anime
Crossword
Kpop
Marvel
Harry Potter
NBA
Disney
The Office
Puzzle
Pokémon
WWE
Country
NFL
Song
Soccer
Your Account Isn't Verified!
In order to create a playlist on Sporcle, you need to verify the email address you used during registration. Go to your
Sporcle Settings
to finish the process.
Report this User
Report this user for behavior that violates our
Community Guidelines
.
Details:
Send Report
Go to the Sporcle.com Mobile Site →
Comments